Search the Library Catalogue
| 000 -LEADER | |
|---|---|
| fixed length control field | 02057nam a22002057a 4500 |
| 008 - FIXED-LENGTH DATA ELEMENTS--GENERAL INFORMATION | |
| fixed length control field | 250315b |||||||| |||| 00| 0 eng d |
| 020 ## - INTERNATIONAL STANDARD BOOK NUMBER | |
| ISBN | 9783110633788 |
| Paper back/Hardbound | hbk. |
| 041 ## - LANGUAGE CODE | |
| Language code of text/sound track or separate title | eng |
| 082 ## - DEWEY DECIMAL CLASSIFICATION NUMBER | |
| Classification number | 658.155 |
| Item number | ENG |
| 100 ## - MAIN ENTRY--AUTHOR NAME | |
| Personal name | Engemann, Kurt J. ; Abrahamsen, Eirik B |
| 245 ## - TITLE STATEMENT | |
| Title | Safety Risk Management : Integrating Economic and Safety Perspectives |
| Statement of responsibility, etc | / Kurt J. Engemann and Eirik B. Abrahamsen |
| 250 ## - EDITION STATEMENT | |
| Edition statement | 1st ed. |
| 260 ## - PUBLICATION, DISTRIBUTION, ETC. (IMPRINT) | |
| Place of publication | Berlin |
| Name of publisher | De Gruyter |
| Year of publication | c2020 |
| 300 ## - PHYSICAL DESCRIPTION | |
| Number of Pages | xiv, 232 p. |
| Other physical details | : ill. |
| Dimensions | ; 24 cm. |
| 504 ## - BIBLIOGRAPHY, ETC. NOTE | |
| Bibliography, etc | Includes bibliographies and index |
| 520 ## - SUMMARY, ETC. | |
| Summary, etc | Within the area of safety, different perspectives exist on how to provide an adequate basis for managing risk. Safety experts emphasize the cautionary principle, stating that in the face of uncertainty, caution should be the dominant standard. On the other hand, relying on economic assessment often leads to decisions made using expected values to optimize return on investment. Safety Risk Management: Integrating Economic and Safety Perspectives aims to illuminate this dichotomy while debating important questions. For example, is ‘safety always first?’ Additionally, in many risk environments only partial knowledge is available and limited emphasis may be mistakenly given to uncertainty. Risk management deals with balancing the dilemma inherent in exploring opportunities on the one hand, and avoiding losses, accidents, and disasters, on the other. Safety Risk Management: Integrating Economic and Safety Perspectives comprises a collection of work in this field with special focus given to situations with the potential for substantial reward but also with the possibility of immense losses and extreme consequences. This book aims to contribute to clarifying the problem by proposing an appropriate basis for managing risk to meet related practical challenges. The book consists of two parts: chapters covering fundamental concepts and approaches; and, chapters illustrating applications of these fundamental principles. |
| 650 ## - SUBJECT ADDED ENTRY--TOPICAL TERM | |
| Topical Term | Risk Management |
| 942 ## - ADDED ENTRY ELEMENTS (KOHA) | |
| Koha item type | Reference |
| Withdrawn status | Lost status | Damaged status | Not for loan | Home library | Current library | Shelving location | Date acquired | Full call number | Accession Number | Price effective from | Koha item type |
|---|---|---|---|---|---|---|---|---|---|---|---|
| Anna Centenary Library | Anna Centenary Library | 6TH FLOOR, A WING | 27.01.2025 | 658.155 ENG | 701391 | 15.03.2025 | Reference |